| 000 | 01021cam a2200313 a 4500 | ||
|---|---|---|---|
| 999 |
_c531856 _d531856 |
||
| 001 | 16954575 | ||
| 003 | NUST | ||
| 005 | 20191029160028.0 | ||
| 008 | 110909s2013 maua 001 0 eng | ||
| 010 | _a 2011037796 | ||
| 020 | _a9780132675055 | ||
| 020 | _a0132675056 | ||
| 038 | _aMSOHAIL | ||
| 040 |
_aDLC _cDLC _dDLC |
||
| 050 | 0 | 0 |
_aHF5686.B7 _bP48 2013 |
| 082 | 0 | 0 |
_a624.0681 _223 |
| 100 | 1 |
_aPeterson, Steven J. _924974 |
|
| 245 | 1 | 0 |
_aConstruction accounting and financial management / _cSteven J. Peterson. |
| 250 | _a3rd ed. | ||
| 260 |
_aUpper Saddle River, N.J. : _bPrentice Hall, _cc2013. |
||
| 300 |
_aviii, 346 p. : _bcol. ill. ; _c29 cm. |
||
| 500 | _aIncludes index. | ||
| 650 | 0 |
_aConstruction industry _xAccounting. _924975 |
|
| 650 | 0 |
_aConstruction industry _xFinance. _924738 |
|
| 650 | 0 |
_aManagerial accounting. _924976 |
|
| 906 |
_a7 _bcbc _corignew _d1 _eecip _f20 _gy-gencatlg |
||
| 942 |
_2ddc _cBK |
||